Statistics for Mediterranean Countries Quiz

Click here to take the quiz!

General Stats

  • This quiz has been taken 96,487 times
    (96,464 since last reset)
  • The average score is 18 of 21

Answer Stats

Country % Correct
Italy
98%
Greece
97%
Spain
96%
Egypt
93%
Turkey
92%
France
91%
Morocco
88%
Croatia
86%
Algeria
86%
Libya
86%
Tunisia
85%
Cyprus
85%
Albania
84%
Israel
84%
Malta
82%
Monaco
76%
Bosnia & Herzegovina
76%
Lebanon
74%
Montenegro
73%
Syria
73%
Slovenia
68%

Score Distribution

Percentile by Number Answered

Percent of People with Each Score

Your Score History

You have not taken this quiz since the last reset